Statistiche per Nomi italiani di città straniere - Africa

Clicka qui per fare il quiz!

Statistiche generali

  • Questo quiz è stato fatto 43 volte
  • Il punteggio medio è 16 su 35

Statistiche sulle risposte

Nome localeNome italiano% Corretto
al-Iksandariyya (Egitto)Alessandria d'Egitto
91%
al-Qahira (Egitto)Il Cairo
88%
Cape Town (Sudafrica)Città del Capo
85%
al-Gizah (Egitto)Giza
85%
al-Ribat (Marocco)Rabat
85%
Tunis (Tunisia)Tunisi
85%
Muqdisho (Somalia)Mogadiscio
82%
Addis Ababa (Etiopia)Addis Abeba
79%
Asmerà (Eritrea)Asmara
76%
Madinat al-Jazair (Algeria)Algeri
62%
Fas (Marocco)Fez
62%
Tarabulus (Libia)Tripoli
56%
Banghazi (LIbia)Bengasi
53%
Murrakus (Marocco)Marrakech
53%
Misrata (Libia)Misurata
50%
Tubruq (Libia)Tobruch
47%
Qartaj (Tunisia)Cartagine
38%
al-Dar al-Bayda (Marocco)Casablanca
38%
Surt (LIbia)Sirte
38%
Tanja (Marocco)Tangeri
38%
al-Uqsur (Egitto)Luxor
32%
Bur Said (Egitto)Porto Said
29%
al-Suways (Egitto)Suez
26%
Qusantina (Algeria)Costantina
24%
Dumyat (Egitto)Damietta
24%
Darnah (LIbia)Derna
24%
Banzart (Tunisia)Biserta
21%
Gonder (Etiopia)Gondar
21%
Wahran (Algeria)Orano
21%
Boosaaso (Somalia)Bosaso
12%
Kismaayo (Somalia)Chisimaio
12%
Gaalkacyo (Somalia)Gallacaio
12%
al-Qasrayn (Tunisia)Kasserine
12%
Mekele (Etiopia)Macallè
12%
Wuchale (Etiopia)Uccialli
12%

Distribuzione punteggi

Percentile per numero di risposta

Percentuale di utenti per punteggio

I tuoi punteggi nel tempo

Non hai fatto questo quiz